000 00782nas a2200265 4500
001 BR9703612
003 BR-BrBNA
005 20231205100320.0
007 ta
008 230509b bl.|||p| |||| 00| 00por d
040 _aBR-BrBNA
_bpor
_cBiblioteca Nacional de Agricultura
041 _a(Pt)
072 _aL01
100 1 _aOliveira, R.M. de
100 1 _aHossain, S.M.
100 1 _aOliveira, A.I.G. de
100 1 _aBertechini, A.G.
245 1 _aMetodos de inducao de muda em poedeiras comerciais
650 _aGalinha para Postura
650 _aOvo
650 _aConsumo Alimentar
773 0 _tCiencia e Agrotecnologia (Brazil)
_xISSN 1413-7054
_g(Jul-Sep 1996), v. 20(3) p. 394-400
_wBR9703612
909 _a202311
_bLúcia
_c55
_dLúcia Elande
942 _2AGRIS
_n0
_cANA
999 _c155315
_d155315